Elektrochemické stanovenie kyanidov vo vodách bakalárska práca

Guardado en:
Detalles Bibliográficos
Autor principal: Němeček, Martin
Formato: Libro
Lenguaje:eslovaco
Publicado: Bratislava STU FCHPT 2013
Acceso en línea:Ver en el OPAC
Etiquetas: Agregar Etiqueta
Sin Etiquetas, Sea el primero en etiquetar este registro!

MARC

LEADER 00000nam a2200000 a 4500
005 20260127134033.0
008 130828 2013 000 0 slo d
035 |a vtls010539042 
039 9 |y 201308281203  |z mschk03 
040 |a STUSCHK1  |b slo  |c STUSCHK1  |e AACR2 
100 1 |a Němeček, Martin 
245 1 |a Elektrochemické stanovenie kyanidov vo vodách  |b bakalárska práca  |c Martin Němeček 
260 |a Bratislava  |b STU FCHPT  |c 2013 
300 |a 32 s.  |b il.  |c 30 cm 
500 |a Obhájené: 16.08.2013 
500 |a Štud. program: Chémia, medicínska chémia a chemické materiály 
500 |a Štud. odbor: Chémia, chemické technológie 
500 |a Škol. pracovisko: Odd. analytickej chémie 
500 |a Evid. číslo: FCHPT-13569-43390 
910 |a SCHK95 
999 |c 2602  |d 2602